[Event "Oberliga Ost A"]
[Site "?"]
[Date "2022.11.26"]
[Round "4.8"]
[White "Windelband, Jens"]
[Black "Neuhoff, Laertes"]
[Result "0-1"]
[WhiteElo "2043"]
[BlackElo "1914"]
[PlyCount "60"]
[EventDate "2022.09.18"]
[EventType "team-tourn"]
[EventCountry "GER"]
[WhiteTeam "Leipzig SG II"]
[BlackTeam "Magdeburg SG Aufbau Elbe"]
[WhiteTeamCountry "GER"]
[BlackTeamCountry "GER"]

1. e4 c5 2. Nf3 Nc6 3. d4 cxd4 4. Nxd4 Nf6 5. Nc3 e5 6. Ndb5 d6 7. Bg5 a6 8. Na3 b5 9. Bxf6 gxf6 10. Nd5 Bg7 11. Bd3 Ne7 12. c3 Nxd5 13. exd5 f5 14. Nc2 O-O 15. Qh5 e4 16. Be2 Qf6 17. O-O f4 18. Rfe1 Re8 19. Bf1 f3 20. g3 Re5 21. Qh4 Qxh4 22. gxh4 Rxd5 23. Nb4 Re5 24. a4 bxa4 25. Rxa4 Bb7 26. Nxa6 Rh5 27. Rea1 Rxh4 28. Nb4 Rxa4 29. Rxa4 Rg4+ 30. Kh1 e3 0-1

[Event "Oberliga Ost A"]
[Site "?"]
[Date "2022.11.26"]
[Round "4.1"]
[White "Mazur, Stefan"]
[Black "Klimakovs, Sergejs"]
[Result "1-0"]
[WhiteElo "2423"]
[BlackElo "2336"]
[PlyCount "111"]
[EventDate "2022.09.18"]
[EventType "team-tourn"]
[EventCountry "GER"]
[WhiteTeam "Magdeburg SG Aufbau Elbe"]
[BlackTeam "Leipzig SG II"]
[WhiteTeamCountry "GER"]
[BlackTeamCountry "GER"]

1. e4 e5 2. Nf3 Nc6 3. Bb5 a6 4. Ba4 Nf6 5. Nc3 b5 6. Bb3 Be7 7. a3 d6 8. h3 Be6 9. Bxe6 fxe6 10. O-O O-O 11. d4 exd4 12. Nxd4 Nxd4 13. Qxd4 Nd7 14. Be3 Ne5 15. f4 c5 16. Qd1 Nc4 17. Bc1 Bf6 18. Qd3 Bd4+ 19. Kh2 Bxc3 20. Qxc3 d5 21. b3 d4 22. Qd3 Nb6 23. a4 c4 24. bxc4 bxc4 25. Qg3 Qd7 26. Ba3 Rf6 27. a5 Na4 28. Bb4 Nb2 29. e5 Rg6 30. Qf3 Rc8 31. g4 Qc6 32. Qxc6 Rxc6 33. g5 c3 34. Ba3 Rc4 35. Rab1 h6 36. h4 hxg5 37. hxg5 d3 38. cxd3 Nxd3 39. Rb8+ Kh7 40. Kg3 c2 41. Bc1 Rc3 42. Kg2 Rxg5+ 43. fxg5 Nxe5 44. Bb2 Rc5 45. Bxe5 c1=Q 46. Rxc1 Rxc1 47. Rb7 Kg6 48. Rxg7+ Kf5 49. Bf6 Rc5 50. Bd8 Rd5 51. Rg8 e5 52. Kf3 e4+ 53. Ke2 Rb5 54. Rf8+ Ke5 55. g6 Rb2+ 56. Kd1 1-0

[Event "Oberliga Ost A"]
[Site "?"]
[Date "2022.11.26"]
[Round "4.3"]
[White "Fischer, Edwin"]
[Black "Tolmacevs, Artjoms"]
[Result "1-0"]
[WhiteElo "2178"]
[BlackElo "1976"]
[PlyCount "113"]
[EventDate "2022.09.18"]
[EventType "team-tourn"]
[EventCountry "GER"]
[WhiteTeam "Magdeburg USC"]
[BlackTeam "Reichenbrand SV Eiche"]
[WhiteTeamCountry "GER"]
[BlackTeamCountry "GER"]

1. d4 Nf6 2. Nf3 c5 3. dxc5 e6 4. g3 Bxc5 5. Bg2 Nc6 6. O-O O-O 7. c4 d5 8. cxd5 Nxd5 9. a3 Qc7 10. e4 Nde7 11. Qc2 Bb6 12. Nc3 Nd4 13. Nxd4 Bxd4 14. Bg5 e5 15. Rac1 Bxc3 16. Qxc3 Nc6 17. b4 Qb6 18. Qb2 Be6 19. Rfd1 Nd4 20. Be7 Bg4 21. Bc5 Qb5 22. Rxd4 exd4 23. Bxf8 Rxf8 24. Qxd4 Qa4 25. Rc3 h6 26. e5 Bc8 27. Be4 a5 28. Bc2 Qb5 29. Bd3 Qa4 30. Bc2 Qb5 31. Qd3 Qxd3 32. Bxd3 axb4 33. axb4 Be6 34. f4 Bd5 35. Kf2 Ra8 36. Ke3 Kf8 37. Rc5 Bh1 38. Be4 Bxe4 39. Kxe4 Ra2 40. h4 Ra3 41. g4 Ke8 42. Rc7 Rh3 43. h5 Rg3 44. Kf5 b6 45. Rb7 Rc3 46. Rxb6 Rc4 47. b5 Rb4 48. Rb8+ Ke7 49. Rb7+ Ke8 50. e6 fxe6+ 51. Kxe6 Re4+ 52. Kf5 Rb4 53. Rxg7 Rxb5+ 54. Kg6 Rb6+ 55. Kh7 Kf8 56. Rg6 Rb4 57. f5 1-0

[Event "Oberliga Ost A"]
[Site "?"]
[Date "2022.11.26"]
[Round "4.4"]
[White "Haubold, Sebastian Marcel"]
[Black "Laemmel, Sebastian"]
[Result "0-1"]
[WhiteElo "2038"]
[BlackElo "2117"]
[PlyCount "78"]
[EventDate "2022.09.18"]
[EventType "team-tourn"]
[EventCountry "GER"]
[WhiteTeam "Reichenbrand SV Eiche"]
[BlackTeam "Magdeburg USC"]
[WhiteTeamCountry "GER"]
[BlackTeamCountry "GER"]

1. e4 e6 2. d4 d5 3. Nd2 c5 4. exd5 Qxd5 5. Ngf3 cxd4 6. Bc4 Qd6 7. O-O Nf6 8. Nb3 Nc6 9. Nbxd4 Nxd4 10. Nxd4 Be7 11. c3 O-O 12. Qe2 Bd7 13. Rd1 Qc7 14. Bg5 Rfe8 15. Bh4 Rac8 16. Bd3 Nd5 17. Qe4 g6 18. Bxe7 Rxe7 19. Bb5 Rd8 20. Bf1 Be8 21. Qh4 a6 22. Nf3 Red7 23. Ng5 h5 24. Ne4 Kg7 25. g3 Qe5 26. Re1 Nf6 27. f4 Qf5 28. Bh3 Ng4 29. Bxg4 hxg4 30. Ng5 Qc5+ 31. Kh1 Rd2 32. Qh7+ Kf8 33. Ne4 Bc6 34. Qh8+ Ke7 35. Qf6+ Ke8 36. Qh8+ Kd7 37. Qf6 Kc8 38. Qxf7 Bxe4+ 39. Rxe4 Rxh2+ 0-1

[Event "Oberliga Ost A"]
[Site "?"]
[Date "2022.11.26"]
[Round "4.5"]
[White "Kyas, Juergen"]
[Black "Haubold, Christian Lucas"]
[Result "1/2-1/2"]
[WhiteElo "2191"]
[BlackElo "1931"]
[PlyCount "43"]
[EventDate "2022.09.18"]
[EventType "team-tourn"]
[EventCountry "GER"]
[WhiteTeam "Magdeburg USC"]
[BlackTeam "Reichenbrand SV Eiche"]
[WhiteTeamCountry "GER"]
[BlackTeamCountry "GER"]

1. e4 e5 2. Bc4 Nf6 3. d3 Nc6 4. Nf3 Bc5 5. O-O O-O 6. Nbd2 d6 7. c3 a6 8. Bb3 h6 9. h3 Ba7 10. Re1 Be6 11. Nf1 Qd7 12. Ng3 Ne7 13. d4 Ng6 14. Be3 c6 15. dxe5 dxe5 16. Bxa7 Rxa7 17. Qxd7 Bxd7 18. Rad1 b5 19. Rd6 a5 20. a3 Re8 21. Red1 Nf4 22. Nh4 1/2-1/2

[Event "Oberliga Ost A"]
[Site "?"]
[Date "2022.11.26"]
[Round "4.6"]
[White "Kuznecova, Marija"]
[Black "Waltenberger, Udo"]
[Result "1/2-1/2"]
[WhiteElo "2024"]
[BlackElo "1996"]
[PlyCount "81"]
[EventDate "2022.09.18"]
[EventType "team-tourn"]
[EventCountry "GER"]
[WhiteTeam "Reichenbrand SV Eiche"]
[BlackTeam "Magdeburg USC"]
[WhiteTeamCountry "GER"]
[BlackTeamCountry "GER"]

1. e4 c5 2. Nf3 Nc6 3. d4 cxd4 4. Nxd4 g6 5. Nc3 Bg7 6. Be3 Nf6 7. Bc4 O-O 8. f3 Qb6 9. a3 d6 10. O-O Ng4 11. fxg4 Bxd4 12. Bxd4 Qxd4+ 13. Qxd4 Nxd4 14. Rad1 Nc6 15. h3 Be6 16. Nd5 Rac8 17. c3 Rfe8 18. Ne3 Bxc4 19. Nxc4 b5 20. Ne3 Ne5 21. Rd5 a6 22. Rfd1 Rc6 23. Kf2 Rec8 24. R1d2 Kf8 25. Ke2 Ke8 26. Kf2 Rc5 27. Rxc5 Rxc5 28. Ke2 Kd7 29. Rd4 e6 30. Rd1 Nc4 31. Nxc4 bxc4 32. Ke3 e5 33. Rd2 Ke6 34. g5 Rb5 35. g4 Rb7 36. Rf2 Ke7 37. h4 Ke6 38. Rf6+ Ke7 39. Rf2 Ke6 40. Rf6+ Ke7 41. Rf2 1/2-1/2

[Event "Oberliga Ost A"]
[Site "?"]
[Date "2022.11.26"]
[Round "4.8"]
[White "Schroeter, Lucas"]
[Black "Sambale, Ingo"]
[Result "1-0"]
[WhiteElo "1850"]
[BlackElo "2099"]
[PlyCount "63"]
[EventDate "2022.09.18"]
[EventType "team-tourn"]
[EventCountry "GER"]
[WhiteTeam "Reichenbrand SV Eiche"]
[BlackTeam "Magdeburg USC"]
[WhiteTeamCountry "GER"]
[BlackTeamCountry "GER"]

1. e4 c6 2. Nc3 d5 3. Nf3 Bg4 4. h3 Bh5 5. exd5 cxd5 6. Bb5+ Nc6 7. g4 Bg6 8. Ne5 Rc8 9. Qf3 e6 10. d3 Bd6 11. Bf4 Qc7 12. Nxg6 hxg6 13. Ne2 Nf6 14. c3 Bxf4 15. Nxf4 Qe5+ 16. Kf1 d4 17. c4 a6 18. Re1 Qd6 19. Ba4 Qb4 20. g5 Nd7 21. Bxc6 bxc6 22. Re2 Qa5 23. h4 Qxa2 24. h5 gxh5 25. g6 Nf6 26. gxf7+ Kxf7 27. Nxe6 Qa5 28. Rg1 Rhg8 29. Ng5+ Kg6 30. Ne4+ Kh7 31. Nxf6+ gxf6 32. Re7+ 1-0

[Event "Oberliga Ost A"]
[Site "?"]
[Date "2022.11.27"]
[Round "5.1"]
[White "Pulpan, Jakub"]
[Black "Dahl, Christoph"]
[Result "1-0"]
[WhiteElo "2403"]
[BlackElo "2360"]
[PlyCount "83"]
[EventDate "2022.09.18"]
[EventType "team-tourn"]
[EventCountry "GER"]
[WhiteTeam "Magdeburg USC"]
[BlackTeam "Reichenbrand SV Eiche"]
[WhiteTeamCountry "GER"]
[BlackTeamCountry "GER"]

1. Nf3 Nf6 2. b3 g6 3. g3 Bg7 4. Bb2 O-O 5. Bg2 d6 6. d4 e5 7. dxe5 Nfd7 8. O-O Nc6 9. c4 dxe5 10. e4 Qe7 11. Nc3 Nd4 12. Nxd4 exd4 13. Nd5 Qd6 14. f4 c6 15. e5 Nxe5 16. fxe5 Bxe5 17. Nf4 Bf5 18. Qd2 Rfe8 19. Rad1 Rad8 20. Qf2 Re7 21. Nd3 Bg7 22. Qf4 Qxf4 23. Nxf4 Bg4 24. Bf3 Bf5 25. Bg2 Bg4 26. Rd2 g5 27. Bh3 Bxh3 28. Nxh3 h6 29. c5 Rd5 30. Rfd1 Red7 31. Nf2 b6 32. Nd3 bxc5 33. Rc2 Bf8 34. Ba3 c4 35. bxc4 Ra5 36. Bxf8 Kxf8 37. c5 Rd5 38. Rb1 Ra3 39. Rb3 Ra4 40. Kg2 h5 41. Rb8+ Kg7 42. Rc8 1-0

[Event "Oberliga Ost A"]
[Site "?"]
[Date "2022.11.27"]
[Round "5.2"]
[White "Zwahr, Paul"]
[Black "Cerveny, Martin"]
[Result "0-1"]
[WhiteElo "2278"]
[BlackElo "2399"]
[PlyCount "84"]
[EventDate "2022.09.18"]
[EventType "team-tourn"]
[EventCountry "GER"]
[WhiteTeam "Aue ESV Nickelhuette II"]
[BlackTeam "Dresden SG Gruen Weiss"]
[WhiteTeamCountry "GER"]
[BlackTeamCountry "GER"]

1. e4 c5 2. Nf3 d6 3. d4 cxd4 4. Nxd4 Nf6 5. Nc3 Nc6 6. Bg5 e6 7. Qd2 a6 8. O-O-O Bd7 9. f3 Be7 10. Nxc6 Bxc6 11. Be3 b5 12. Ne2 e5 13. Nc3 b4 14. Nd5 Bxd5 15. exd5 a5 16. g4 O-O 17. g5 Nh5 18. Rg1 g6 19. Bd3 Rb8 20. Rg4 Qd7 21. Kb1 Rfc8 22. Rc1 Bf8 23. c4 bxc3 24. Rxc3 Rxc3 25. Qxc3 Nf4 26. Be4 Qb5 27. Qd2 a4 28. Rg1 a3 29. b3 Be7 30. h4 Bd8 31. Bxf4 exf4 32. Rc1 Ba5 33. Qxf4 Qb6 34. Qf6 Bd2 35. Rd1 Qb4 36. h5 Bc3 37. Qe7 Bg7 38. Qc7 gxh5 39. Qc2 Kf8 40. Bxh7 Qf4 41. Qc1 Qe5 42. Qxa3 Rc8 0-1

[Event "Oberliga Ost A"]
[Site "?"]
[Date "2022.11.27"]
[Round "5.4"]
[White "Gehmlich, Marcel"]
[Black "Cerveny, Petr"]
[Result "0-1"]
[WhiteElo "2190"]
[BlackElo "2321"]
[PlyCount "100"]
[EventDate "2022.09.18"]
[EventType "team-tourn"]
[EventCountry "GER"]
[WhiteTeam "Aue ESV Nickelhuette II"]
[BlackTeam "Dresden SG Gruen Weiss"]
[WhiteTeamCountry "GER"]
[BlackTeamCountry "GER"]

1. Nf3 d5 2. d4 e6 3. e3 Nf6 4. Bd3 c5 5. c3 Nbd7 6. Nbd2 Bd6 7. e4 cxd4 8. cxd4 dxe4 9. Nxe4 Nxe4 10. Bxe4 Nf6 11. Bd3 Bb4+ 12. Bd2 Bxd2+ 13. Qxd2 O-O 14. O-O b6 15. Rfd1 Bb7 16. Qf4 Bxf3 17. Qxf3 Rc8 18. Rd2 Qd6 19. Rad1 Rfd8 20. Bc2 Nd5 21. Qe4 g6 22. Bb3 Qb4 23. Rc2 Rxc2 24. Qxc2 a5 25. g3 h5 26. h4 Kg7 27. a3 Qd6 28. Qe4 Qc6 29. Qe5+ Kg8 30. Qg5 Qd6 31. Bxd5 Qxd5 32. Qxd5 Rxd5 33. Kf1 Rb5 34. Rd2 Kf8 35. Ke2 Rb3 36. Rc2 Ke7 37. Rc7+ Kf6 38. Rb7 a4 39. f3 b5 40. Kf2 Rxb2+ 41. Ke3 Rb3+ 42. Kf4 Kg7 43. Ke4 Rxa3 44. Rxb5 Ra1 45. Ra5 a3 46. Ra7 a2 47. Kf4 Kh6 48. Ra8 f6 49. Rh8+ Kg7 50. Ra8 Kh7 0-1

[Event "Oberliga Ost A"]
[Site "?"]
[Date "2022.11.27"]
[Round "5.5"]
[White "Jurasek, Miroslav"]
[Black "Kaiser, Dieter"]
[Result "1/2-1/2"]
[WhiteElo "2236"]
[BlackElo "2199"]
[PlyCount "78"]
[EventDate "2022.09.18"]
[EventType "team-tourn"]
[EventCountry "GER"]
[WhiteTeam "Dresden SG Gruen Weiss"]
[BlackTeam "Aue ESV Nickelhuette II"]
[WhiteTeamCountry "GER"]
[BlackTeamCountry "GER"]

1. Nf3 c5 2. e4 e6 3. d4 cxd4 4. Nxd4 Nf6 5. Nc3 Nc6 6. Ndb5 Bb4 7. a3 Bxc3+ 8. Nxc3 d5 9. exd5 exd5 10. Bd3 O-O 11. O-O d4 12. Ne4 Bf5 13. Bg5 Bxe4 14. Bxe4 h6 15. Bh4 g5 16. Bxc6 bxc6 17. Bg3 Qd5 18. Qd3 Ne4 19. Rad1 Rad8 20. Rfe1 Rfe8 21. Qf3 c5 22. c4 Qc6 23. h4 Re6 24. hxg5 hxg5 25. Qg4 Rde8 26. f3 Nxg3 27. Qxg3 f6 28. Qf2 a5 29. b3 Qd6 30. Rxe6 Qxe6 31. Qc2 Qe3+ 32. Kf1 Kg7 33. Qd3 Qe5 34. b4 axb4 35. axb4 cxb4 36. Qxd4 Qxd4 37. Rxd4 b3 38. Rd7+ Kg6 39. Rb7 Rc8 1/2-1/2

[Event "Oberliga Ost A"]
[Site "?"]
[Date "2022.11.27"]
[Round "5.6"]
[White "Butscher, Daniel"]
[Black "Kunze, Kerstin"]
[Result "1-0"]
[WhiteElo "2125"]
[BlackElo "2005"]
[PlyCount "69"]
[EventDate "2022.09.18"]
[EventType "team-tourn"]
[EventCountry "GER"]
[WhiteTeam "Aue ESV Nickelhuette II"]
[BlackTeam "Dresden SG Gruen Weiss"]
[WhiteTeamCountry "GER"]
[BlackTeamCountry "GER"]

1. e4 d6 2. d4 g6 3. Nc3 Bg7 4. h4 Nf6 5. Be2 h5 6. Bg5 Nc6 7. Nf3 Bg4 8. d5 Bxf3 9. gxf3 Nb8 10. Qd2 c5 11. dxc6 Nxc6 12. O-O-O Nh7 13. Bh6 Bf8 14. Nd5 Qa5 15. Bxf8 Qxd2+ 16. Rxd2 Kxf8 17. f4 e6 18. Nc3 Ke7 19. Rhd1 Rad8 20. Nb5 d5 21. exd5 Rxd5 22. Rxd5 exd5 23. Rxd5 Nf6 24. Rd1 Ng4 25. Bf3 a6 26. Nd6 Nxf2 27. Rd2 Nh3 28. Nxb7 Rc8 29. Nd6 Rc7 30. f5 Ne5 31. Be4 g5 32. f6+ Kf8 33. Bf5 Nf4 34. Nc4 Nc6 35. hxg5 1-0

[Event "Oberliga Ost A"]
[Site "?"]
[Date "2022.11.27"]
[Round "5.7"]
[White "Poessel, Christian"]
[Black "Hutsch, Oliver"]
[Result "1/2-1/2"]
[WhiteElo "1988"]
[BlackElo "2142"]
[PlyCount "115"]
[EventDate "2022.09.18"]
[EventType "team-tourn"]
[EventCountry "GER"]
[WhiteTeam "Dresden SG Gruen Weiss"]
[BlackTeam "Aue ESV Nickelhuette II"]
[WhiteTeamCountry "GER"]
[BlackTeamCountry "GER"]

1. d4 Nf6 2. c4 e6 3. Nf3 d5 4. g3 c6 5. Bg2 Be7 6. O-O O-O 7. Nbd2 Nbd7 8. Qc2 Re8 9. e4 dxe4 10. Nxe4 Nxe4 11. Qxe4 Nf6 12. Qe2 Qa5 13. Ne5 Qa6 14. Qc2 Rd8 15. Be3 Bd7 16. Rab1 Rac8 17. Nd3 b6 18. Rfd1 Qa5 19. Nf4 b5 20. c5 Nd5 21. Bd2 Qxa2 22. Ra1 Qc4 23. Qxc4 bxc4 24. Rxa7 Bf6 25. Be3 Rb8 26. Ra2 Rb3 27. Bf1 c3 28. Nxd5 exd5 29. bxc3 Rxc3 30. Rd3 Rxd3 31. Bxd3 g6 32. Kg2 Kf8 33. h3 h5 34. Ra7 Ke8 35. Ba6 Bc8 36. Be2 Bf5 37. g4 hxg4 38. hxg4 Be6 39. Kg3 Rb8 40. g5 Bg7 41. Bg4 Bxg4 42. Kxg4 Rb4 43. Ra8+ Ke7 44. Ra7+ Ke6 45. Rc7 Bxd4 46. Rxc6+ Ke5 47. f4+ Ke4 48. Bxd4 Kxd4 49. Rc7 Ke3 50. Rxf7 d4 51. Re7+ Kd2 52. Re6 d3 53. Rxg6 Ke3 54. Re6+ Re4 55. Ra6 Rxf4+ 56. Kh5 Rc4 57. Ra1 d2 58. Rd1 1/2-1/2

[Event "Oberliga Ost A"]
[Site "?"]
[Date "2022.11.27"]
[Round "5.8"]
[White "Salewski, Bernd"]
[Black "Schramm, Torsten"]
[Result "1/2-1/2"]
[WhiteElo "1980"]
[BlackElo "2212"]
[PlyCount "80"]
[EventDate "2022.09.18"]
[EventType "team-tourn"]
[EventCountry "GER"]
[WhiteTeam "Aue ESV Nickelhuette II"]
[BlackTeam "Dresden SG Gruen Weiss"]
[WhiteTeamCountry "GER"]
[BlackTeamCountry "GER"]

1. d4 d6 2. e4 e5 3. dxe5 dxe5 4. Qxd8+ Kxd8 5. Bc4 Ke8 6. f4 Nd7 7. Nf3 Bd6 8. Ng5 Nh6 9. g3 Ke7 10. Nc3 c6 11. f5 Nb6 12. Bb3 f6 13. Nf3 Nf7 14. Be3 Rd8 15. O-O-O Bc7 16. Rxd8 Bxd8 17. h4 Nd7 18. g4 Bb6 19. Bxb6 axb6 20. a3 Nc5 21. Bxf7 Kxf7 22. g5 b5 23. Kd2 Bd7 24. Ke3 Na4 25. Nxa4 bxa4 26. Rd1 Ke7 27. Rd2 Be8 28. Ne1 Bf7 29. Rg2 Kf8 30. Nd3 Rd8 31. Nc5 b5 32. g6 hxg6 33. fxg6 Bc4 34. b3 axb3 35. cxb3 Bg8 36. a4 b4 37. a5 Ke7 38. a6 Ra8 39. Ra2 Kd6 40. Rc2 Rc8 1/2-1/2

[Event "Oberliga Ost A"]
[Site "?"]
[Date "2022.11.27"]
[Round "5.1"]
[White "Becker, Michael"]
[Black "Belous, Mikhail"]
[Result "0-1"]
[WhiteElo "2235"]
[BlackElo "2363"]
[PlyCount "80"]
[EventDate "2022.09.18"]
[EventType "team-tourn"]
[EventCountry "GER"]
[WhiteTeam "Dresden SG Gruen Weiss"]
[BlackTeam "Aue ESV Nickelhuette II"]
[WhiteTeamCountry "GER"]
[BlackTeamCountry "GER"]

1. e4 c5 2. Nf3 d6 3. d4 cxd4 4. Nxd4 Nf6 5. Nc3 a6 6. g3 e5 7. Nf3 Be7 8. Bg2 O-O 9. O-O Nbd7 10. Nh4 g6 11. Bh6 Re8 12. h3 b5 13. Qd2 b4 14. Na4 Nh5 15. Nf3 Qa5 16. b3 Bb7 17. Ng5 Nc5 18. a3 Nxa4 19. axb4 Qb6 20. Kh2 Nc5 21. bxc5 Qxc5 22. Rfe1 Rec8 23. c4 a5 24. Bf1 Nf6 25. Bd3 Bf8 26. Bxf8 Rxf8 27. Nf3 Bc6 28. Qe3 Qxe3 29. Rxe3 Rfb8 30. Bc2 a4 31. bxa4 Rb2 32. Ne1 Nd7 33. a5 Nc5 34. Rd1 Rxa5 35. Rxd6 Bb7 36. Rd2 Raa2 37. Kg1 Ne6 38. Rd7 Bc6 39. Rd6 Nd4 40. c5 Rxc2 0-1

[Event "Oberliga Ost A"]
[Site "?"]
[Date "2022.11.27"]
[Round "5.2"]
[White "Matthey, Harald"]
[Black "Hoepfl, Thomas"]
[Result "1-0"]
[WhiteElo "2125"]
[BlackElo "2286"]
[PlyCount "85"]
[EventDate "2022.09.18"]
[EventType "team-tourn"]
[EventCountry "GER"]
[WhiteTeam "Halle USV"]
[BlackTeam "Dessau SK"]
[WhiteTeamCountry "GER"]
[BlackTeamCountry "GER"]

1. d4 Nf6 2. Nf3 g6 3. c4 Bg7 4. Nc3 O-O 5. e4 d6 6. Be3 c5 7. d5 e6 8. h3 exd5 9. exd5 Re8 10. Bd3 a6 11. O-O Nfd7 12. Qd2 Ne5 13. Nxe5 Bxe5 14. Rae1 Nd7 15. f4 Bg7 16. Bf2 f5 17. g4 Nf6 18. Rxe8+ Qxe8 19. Re1 Qf7 20. g5 Nh5 21. Na4 Bd7 22. Nb6 Re8 23. Be2 Re4 24. Bf3 Rxe1+ 25. Bxe1 Be8 26. a4 Bd4+ 27. Bf2 Bxf2+ 28. Kxf2 Ng7 29. a5 Bd7 30. b4 cxb4 31. Qxb4 Qe7 32. Qd2 Ne8 33. Qd4 Qd8 34. h4 Qe7 35. h5 gxh5 36. Bxh5 Ng7 37. Bf3 Be8 38. Qe3 Kf8 39. Qd2 Qc7 40. Qd4 Qe7 41. Nc8 Qc7 42. Qf6+ Kg8 43. Ne7+ 1-0

[Event "Oberliga Ost A"]
[Site "?"]
[Date "2022.11.27"]
[Round "5.3"]
[White "Sukaylo, Aleksey"]
[Black "Schubert, Ralf"]
[Result "1-0"]
[WhiteElo "2098"]
[BlackElo "2100"]
[PlyCount "71"]
[EventDate "2022.09.18"]
[EventType "team-tourn"]
[EventCountry "GER"]
[WhiteTeam "Dessau SK"]
[BlackTeam "Halle USV"]
[WhiteTeamCountry "GER"]
[BlackTeamCountry "GER"]

1. e4 d6 2. d4 Nf6 3. Nc3 g6 4. f4 Bg7 5. Nf3 O-O 6. Bd3 Na6 7. O-O c5 8. d5 Bg4 9. Qe1 Bxf3 10. Rxf3 Nb4 11. Qe2 Nxd3 12. cxd3 e6 13. dxe6 fxe6 14. f5 Ng4 15. Bf4 Bd4+ 16. Kh1 exf5 17. Raf1 Qd7 18. Nd5 Rae8 19. Bg5 h6 20. Bc1 Bg7 21. b3 Qd8 22. Bb2 fxe4 23. dxe4 Rxf3 24. gxf3 Ne5 25. Rg1 g5 26. f4 Nc6 27. Bxg7 Kxg7 28. Qh5 Re6 29. fxg5 Ne5 30. gxh6+ Kh8 31. h7 Re8 32. Nf6 Qxf6 33. Qxe8+ Kxh7 34. Qh5+ Qh6 35. Qf5+ Ng6 36. Qd7+ 1-0

[Event "Oberliga Ost A"]
[Site "?"]
[Date "2022.11.27"]
[Round "5.4"]
[White "Mirschinka, Dirk"]
[Black "Schulte, Felix"]
[Result "0-1"]
[WhiteElo "2219"]
[BlackElo "2152"]
[PlyCount "124"]
[EventDate "2022.09.18"]
[EventType "team-tourn"]
[EventCountry "GER"]
[WhiteTeam "Halle USV"]
[BlackTeam "Dessau SK"]
[WhiteTeamCountry "GER"]
[BlackTeamCountry "GER"]

1. d4 Nf6 2. c4 c5 3. d5 b5 4. cxb5 a6 5. bxa6 g6 6. b3 Bg7 7. Bb2 Nxa6 8. e4 O-O 9. f3 e6 10. d6 Nb4 11. Nc3 Nxe4 12. fxe4 Qh4+ 13. g3 Bxc3+ 14. Bxc3 Qxe4+ 15. Kf2 Nc2 16. Qe2 Qf5+ 17. Nf3 Nxa1 18. Bxa1 Qb1 19. Bg2 Qxa2 20. Nd2 Ra6 21. Bf6 Rxd6 22. Rd1 Ba6 23. Qe3 Qc2 24. Qh6 Qf5+ 25. Nf3 Qxf6 26. Rxd6 Bb5 27. Qe3 Ra8 28. Rd2 Qf5 29. h3 Ra1 30. g4 Qb1 31. Qxc5 Qxb3 32. Qc2 Qb4 33. Nd4 Bc4 34. Nf3 Bd5 35. Qb2 Qa5 36. Nd4 Ra2 37. Qb8+ Kg7 38. Qe5+ f6 39. Rxa2 Qxa2+ 40. Qe2 Qxe2+ 41. Nxe2 Bxg2 42. Kxg2 Kf7 43. h4 e5 44. Ng3 Ke6 45. Kf3 d5 46. Ne2 Kd6 47. Ke3 f5 48. gxf5 gxf5 49. Ng1 d4+ 50. Kd2 e4 51. Nh3 Ke5 52. Ng5 h5 53. Ke2 d3+ 54. Ke3 f4+ 55. Kd2 Kf5 56. Nh3 Kg4 57. Ng5 e3+ 58. Kxd3 Kxh4 59. Ne4 Kh3 60. Ke2 Kg2 61. Ng5 h4 62. Ne6 Kg3 0-1

[Event "Oberliga Ost A"]
[Site "?"]
[Date "2022.11.27"]
[Round "5.5"]
[White "Luther, Juergen"]
[Black "Ozeran, Volodymyr"]
[Result "1/2-1/2"]
[WhiteElo "2112"]
[BlackElo "2086"]
[PlyCount "66"]
[EventDate "2022.09.18"]
[EventType "team-tourn"]
[EventCountry "GER"]
[WhiteTeam "Dessau SK"]
[BlackTeam "Halle USV"]
[WhiteTeamCountry "GER"]
[BlackTeamCountry "GER"]

1. d4 d5 2. c4 e6 3. Nc3 Nf6 4. cxd5 exd5 5. Bg5 Be7 6. e3 h6 7. Bh4 O-O 8. Bd3 c6 9. Qc2 Re8 10. Nge2 Nbd7 11. O-O Ne4 12. Bxe7 Qxe7 13. Rae1 Ndf6 14. f3 Nxc3 15. Nxc3 Be6 16. a3 c5 17. dxc5 Qxc5 18. Nb5 Qxc2 19. Bxc2 Rec8 20. Nd4 Rc5 21. Bd3 Rac8 22. Rd1 a6 23. Rd2 Bd7 24. Rfd1 Ba4 25. b3 Bd7 26. g4 Rc3 27. h4 Kf8 28. Kf2 Rc1 29. g5 Ng8 30. Bf5 Rxd1 31. Rxd1 Bxf5 32. Nxf5 hxg5 33. hxg5 g6 1/2-1/2

[Event "Oberliga Ost A"]
[Site "?"]
[Date "2022.11.27"]
[Round "5.6"]
[White "Erler, Rainer"]
[Black "Huth, Martin"]
[Result "1-0"]
[WhiteElo "2116"]
[BlackElo "2008"]
[PlyCount "53"]
[EventDate "2022.09.18"]
[EventType "team-tourn"]
[EventCountry "GER"]
[WhiteTeam "Halle USV"]
[BlackTeam "Dessau SK"]
[WhiteTeamCountry "GER"]
[BlackTeamCountry "GER"]

1. e4 c5 2. Nc3 e6 3. Nge2 a6 4. g3 Nc6 5. Bg2 b5 6. O-O Bb7 7. d4 cxd4 8. Nxd4 Qc7 9. Bf4 Qb6 10. Nb3 d6 11. Qe2 Be7 12. Rad1 Rd8 13. Be3 Qc7 14. f4 Nf6 15. h3 O-O 16. Qf2 Rd7 17. g4 Ba8 18. a3 Qb8 19. g5 Ne8 20. Nc5 Rd8 21. Nxa6 Qb7 22. Nb4 Nxb4 23. axb4 Rc8 24. Ra1 Rc7 25. Ra5 Qc6 26. Nxb5 Rc8 27. Na7 1-0

[Event "Oberliga Ost A"]
[Site "?"]
[Date "2022.11.27"]
[Round "5.7"]
[White "Polzin, Gustav"]
[Black "Leibovitch, Iziaslav"]
[Result "1-0"]
[WhiteElo "1808"]
[BlackElo "2095"]
[PlyCount "139"]
[EventDate "2022.09.18"]
[EventType "team-tourn"]
[EventCountry "GER"]
[WhiteTeam "Dessau SK"]
[BlackTeam "Halle USV"]
[WhiteTeamCountry "GER"]
[BlackTeamCountry "GER"]

1. e4 d6 2. d4 Nf6 3. Nc3 g6 4. Be3 c6 5. Qd2 Ng4 6. Bg5 h6 7. Bh4 Bg7 8. f3 Nf6 9. O-O-O b5 10. Bd3 b4 11. Na4 Qa5 12. b3 Bd7 13. a3 c5 14. dxc5 dxc5 15. Bf2 Bxa4 16. axb4 cxb4 17. bxa4 O-O 18. Be1 Qxa4 19. Qxb4 Qxb4 20. Bxb4 Nc6 21. Bc3 Rfc8 22. Ne2 a5 23. Kd2 Nd7 24. Ra1 Nb4 25. Rhb1 Bxc3+ 26. Nxc3 Nc5 27. Ra3 Rd8 28. Na4 Ncxd3 29. cxd3 Rac8 30. Rb2 Rd4 31. Nb6 Rc6 32. Ke3 e5 33. Nc4 f6 34. Rd2 Na6 35. Rxa5 Nc5 36. Ra8+ Kg7 37. Ra7+ Kg8 38. Ra3 Rc7 39. Ke2 Ne6 40. g3 Rd8 41. Ra6 Nd4+ 42. Ke3 Kg7 43. f4 exf4+ 44. gxf4 Rcd7 45. Rb6 g5 46. Rdb2 gxf4+ 47. Kxf4 Kf7 48. Rb7 Ne6+ 49. Ke3 Kg6 50. Rxd7 Rxd7 51. Rb6 Kf7 52. Nd6+ Kg6 53. Nf5 Ng7 54. Nh4+ Kf7 55. d4 Ra7 56. Nf3 Ra3+ 57. Kf2 Ra2+ 58. Kg3 Ra3 59. Rb7+ Kg6 60. d5 f5 61. Rb6+ Kf7 62. exf5 Nxf5+ 63. Kf4 Ng7 64. Ne5+ Kg8 65. Rxh6 Ra4+ 66. Kg5 Ra5 67. Rd6 Ra2 68. Rd8+ Kh7 69. h4 Rg2+ 70. Ng4 1-0

[Event "Oberliga Ost A"]
[Site "?"]
[Date "2022.11.27"]
[Round "5.8"]
[White "Schaefer, Sven"]
[Black "Kretzschmar, Arnd"]
[Result "1-0"]
[WhiteElo "1978"]
[BlackElo "1921"]
[PlyCount "105"]
[EventDate "2022.09.18"]
[EventType "team-tourn"]
[EventCountry "GER"]
[WhiteTeam "Halle USV"]
[BlackTeam "Dessau SK"]
[WhiteTeamCountry "GER"]
[BlackTeamCountry "GER"]

1. e4 c5 2. Nf3 d6 3. d4 cxd4 4. Nxd4 Nf6 5. Nc3 g6 6. Be3 Bg7 7. f3 O-O 8. Qd2 Nc6 9. g4 Ne5 10. O-O-O Qa5 11. Kb1 Rd8 12. Be2 Bd7 13. g5 Nh5 14. Nb3 Qc7 15. Nd5 Qb8 16. Nxe7+ Kf8 17. Nd5 b5 18. Bd4 Be6 19. f4 Nc4 20. Bxg7+ Nxg7 21. Bxc4 bxc4 22. Nd4 Qb7 23. Nxe6+ fxe6 24. Nf6 Ne8 25. Qd4 Qf7 26. Nxe8 Kxe8 27. Rhf1 Rac8 28. Qc3 Rc5 29. h4 Ke7 30. Rde1 Rb8 31. f5 gxf5 32. exf5 Rxf5 33. Rxf5 Qxf5 34. Qxc4 Rb7 35. a3 Qh3 36. Qe4 Rb5 37. Qxh7+ Kd8 38. Qg8+ Kc7 39. Qxe6 Qxh4 40. Qe7+ Kc6 41. g6 Qg3 42. g7 Rg5 43. Qe8+ Kb6 44. Qb8+ Kc6 45. Re7 Qg1+ 46. Ka2 Qg4 47. Qb7+ Kc5 48. Qxa7+ Kb5 49. Rb7+ Kc6 50. Rc7+ Kd5 51. Qa8+ Ke5 52. Re7+ Kf4 53. Re4+ 1-0